| 000 | 00355nam a2200145 4500 | ||
|---|---|---|---|
| 999 |
_c9473 _d9473 |
||
| 003 | OSt | ||
| 005 | 20210624161318.0 | ||
| 008 | 210624b ||||| |||| 00| 0 eng d | ||
| 020 | _a9780500203163 | ||
| 082 |
_a720.9 _bSUT |
||
| 100 | _aSutton Ian | ||
| 245 | _aWestern architecture | ||
| 260 |
_aNew York _bThames and hudson world of art _c2004 |
||
| 942 | _2ddc | ||